| 000 | 00870nam a22002057a 4500 | ||
|---|---|---|---|
| 999 |
_c8548 _d8548 |
||
| 003 | AR-CdUCM | ||
| 008 | 190325b ||||| |||| 00| 0 spa d | ||
| 040 |
_aMUNICIPALIDAD PROVINCIAL DEL CUSCO _cBIBLIOTECA MUNICIPAL DEL CUSCO |
||
| 082 |
_a781.984 / _bP33 |
||
| 110 |
_aGobierno Municipal de la Ciudad de La Paz _923947 |
||
| 245 |
_aLa Paz : _bprimera exposición histórica del disco fonográfico Paceño / |
||
| 260 |
_aLa Paz : _bCasa Municipal de la Cultura "Franz Tamayo", _c1993 |
||
| 300 |
_a80 páginas ; _bilustraciones, _c21 cm. |
||
| 505 | _aContenido: La Odisea de los derechos del autor -- El fonodisco -- Los derechos intelectuales en Bolivia -- La música en obras teatrales -- Compositores paceños en el cine ... | ||
| 650 |
_aBolivia _91138 |
||
| 650 |
_aMúsica _91443 |
||
| 650 |
_ahistoria-Música _923948 |
||
| 942 |
_2ddc _cLIBROS |
||
| 945 | _araen | ||